000 00452nam a2200145Ia 4500
003 GCL
008 140319s9999 xx 000 0 ara d
040 _aGCL /
_cGCL
082 0 4 _a320.101
_bا ع
100 1 _aمحمد سعيد فرح
245 1 0 _aعلم الاجتماع السياسى: دراسة فى الحركات الاجتماعية /
_cمحمد سعيد فرح
700 1 _aايمان شومان
300 _a464 ص
490 _a100 قصة
_v0
999 _c43343
_d43343